000
00381nam a22001577a 4500
003
MPLRDC
005
20220104114142.0
008
210129b ||||| |||| 00| 0 eng d
082
_a
782.886 ZXL-8
100
_a
司马桑敦
245
_a
张学良秘史
_c
260
_a
_b
金兰文化出版社
_c
1990
300
_b
平
650
_a
张学良传记
942
_c
BK
_o
782.886 ZXL-8
999
_c
5235
_d
5225